| 000 | 00859cab a2200241 4500 | ||
|---|---|---|---|
| 001 | ABS60643 | ||
| 008 | 090401t1999 xxu||||| |||| 00| 0 eng d | ||
| 035 | _a(Sirsi) u93596 | ||
| 041 | _aeng | ||
| 100 | _aBickford-Smith, S. | ||
| 245 | _aCasting light on a grey area of law | ||
| 260 | _c1999 | ||
| 350 | _a0 | ||
| 490 |
_aEstates Gazette _v(9918) 8 May 1999, 154-155(2) |
||
| 520 | _aConsiders how common law, which recognises a right to light as an easement, interference with which involves the tort of nuisance, interacts with the private law system of planning law which protects the built environment, including daylight, sunlight and views. | ||
| 650 | _aCOMMON LAW | ||
| 650 | _aEASEMENTS | ||
| 650 | _aPLANNING LAW | ||
| 650 | _aRIGHT TO LIGHT | ||
| 690 | _aHIGHWAYS RIGHTS OF WAY AND EASEMENTS | ||
| 942 | _n0 | ||
| 948 | _c27/05/1999 | ||
| 999 |
_c59314 _d59314 |
||